01127 2200349 4500001002100000005001500021035002000036007000300056008004100059020002200100040002200122082001500144084001700159090002100176090002100197100004000218245011000258250002000368300005100388650004400439700002800483700003600511700003000547850001200577504002500589264004700614336002100661337003000682338002300712999002100735990002100756INLIS00000000085239220191028021220 a0010-1019001119ta191028s2018 yoia g f 0 ind d a978-602-5599-13-2 aYOPDYOGbinderda04223a532.07 a532.07 SIR b aDEP 532.07 SIR b aCB-D.11 2018-6170 aSirajuddin Haji AbdullahePengarang1 aBuku ajar mekanika fluida /cSirajuddin Haji Abdullah, Asih Priyati, Diah Ajeng Setiawati, Hary Kurniawan aCetakan I, 2018 aviii, 108 halaman :bilustrasi, tabel ;c21 cm 4aMekanika Fluida--xStudi dan Pengajaran0 aAsih PriyatiePengarang0 aDiah Ajeng SetiawatiePengarang0 aHary KurniawanePengarang aYOPDYOG aTermasuk bibliografi31aYogyakarta :bTrustMedia Publishing,c2018 2rdacontentateks 2rdamediaatanpa perantara 2rdacarrieravolume aCB-D.11/2018-617 aCB-D.11/2018-617